|
|
|
|
| LEADER |
01504cam a2200349 a 4500 |
| 001 |
41128 |
| 003 |
BD-DhAAL |
| 005 |
20230416102835.0 |
| 008 |
230416t1982 mdua b 001 0 eng |
| 010 |
|
|
|a 82015262
|
| 020 |
|
|
|a 0801829127
|
| 020 |
|
|
|a 0801829135 (pbk.)
|
| 040 |
|
|
|a DLC
|c DLC
|d DLC
|d BD-DhAAL
|
| 043 |
|
|
|a d------
|
| 050 |
0 |
0 |
|a HD1417
|b .G58 1982
|
| 082 |
0 |
0 |
|a 338.13
|
| 100 |
1 |
|
|a Gittinger, J. Price
|q (James Price),
|d 1928-
|9 52900
|
| 245 |
1 |
0 |
|a Economic analysis of agricultural projects /
|c J. Price Gittinger.
|
| 250 |
|
|
|a Second edition, completely revised and expanded.
|
| 260 |
|
|
|a Baltimore :
|b Published for the Economic Development Institute of the World Bank [by] Johns Hopkins University Press,
|c c1982.
|
| 300 |
|
|
|a xxi, 505 pages :
|b illustrations ;
|c 26 cm.
|
| 490 |
|
|
|a EDI series in economic development.
|
| 504 |
|
|
|a Includes bibliographical references (pages 445-455) and index.
|
| 541 |
|
|
|a Donated By Akbar Ali Khan
|e 41128
|
| 650 |
|
0 |
|a Agricultural development projects
|z Developing countries
|x Cost effectiveness.
|9 54055
|
| 650 |
|
0 |
|a Agriculture
|x Economic aspects
|z Developing countries.
|
| 650 |
|
0 |
|a Economics.
|
| 830 |
|
|
|a EDI series in economic development.
|9 52904
|
| 852 |
|
|
|a Ayesha Abed Library
|c Akbar Ali Khan Collection
|
| 942 |
|
|
|2 ddc
|c BK
|
| 999 |
|
|
|c 45676
|d 45676
|
| 952 |
|
|
|0 0
|1 0
|2 ddc
|4 0
|6 338_130000000000000_GIT
|7 1
|9 73552
|a BRACUL
|b BRACUL
|c AAKC
|d 2023-04-16
|e Donated By Akbar Ali Khan
|l 0
|o 338.13 GIT
|p 3010041128
|r 2023-04-16
|t 1
|w 2023-04-16
|y BK
|